000 00522nam a2200193Ia 4500
005 20250508161936.0
008 008 250505s9999 xx 000 0 eng d
037 _aTextual
040 _aFEDL
_beng
_cFEDL
041 _aeng
_2eng
084 _a370, DON
_qFEDL
100 _aDongerkery S.R.
245 0 _aSome experiments in general education
260 _aBombay, India
_bUniversity of Bombay
_c1955
300 _a84p.
650 _aEducation
942 _cTEXL
_h370, DON
999 _c1373397
_d1373397